Da semente ao pão (Registo nº 15130)
[ vista simples ]
| 000 -Etiqueta do registo | |
|---|---|
| Valores | 00452nam a22001691i 4500 |
| 090 ## - | |
| -- | 15130 |
| 100 ## - Dados gerais de processamento | |
| Dados gerais | 20170304u u u0frey50 ba |
| 101 0# - Língua de publicação | |
| -- | por |
| 200 1# - Titulo e menção de responsabilidade | |
| Primeira menção de responsabilidade | José dos Vultos Sequeira |
| Título próprio | Da semente ao pão |
| 210 ## - Publicação | |
| Nome do editor | Sismet |
| Local de publicação | Oeiras |
| Data de publicação | imp. 1981 |
| 215 ## - Descrição física | |
| Paginação / Volumes | 23, [1] p. |
| Outras indicações físicas | il. |
| Dimensões | 18x23 cm |
| 700 #1 - Autor principal (pessoa individual) | |
| Apelido | Sequeira |
| Nome | José dos Vultos |
| -- | 070 |
| 701 #1 - Co-autor principal (pessoa individual) | |
| Apelido | Leão |
| Nome | Ana |
| -- | 600 |
| 702 #1 - Autor secundário (pessoa individual) | |
| Apelido | Lopes |
| Nome | José Maria |
| -- | 440 |
| 801 ## - Fonte de origem | |
| País | PT |
| Regras de catalogação | RPC |
| 990 ## - Elementos KOHA | |
| Tipo de documento | Livro |
| Situação do levantamento | Estado | Biblioteca de origem | Biblioteca de empréstimo | Código de barras | Cota | Permissão de empréstimo | Tipo de documento | Nota relativa ao exemplar | Localização na Estante |
|---|---|---|---|---|---|---|---|---|---|
| Completo | Biblioteca Municipal de Viana Do Alentejo | Biblioteca Municipal de Viana Do Alentejo | 0001364AL | 8 SEQ Inf | Disponível | Livro | cx.172 vnt | Depósito | |
| Completo | Biblioteca Municipal de Viana Do Alentejo | Biblioteca Municipal de Viana Do Alentejo | 0001365AL | 8 SEQ | Disponível | Livro | cx. 195 vnt | Depósito | |
| Completo | Biblioteca Municipal de Viana Do Alentejo | Biblioteca Municipal de Viana Do Alentejo Pólo Aguiar | 0018198 | 8 SEQ | Disponível | Livro | |||
| Completo | Biblioteca Municipal de Viana Do Alentejo | Biblioteca Municipal de Viana Do Alentejo Pólo Alcáçovas | 0001357AL | 8 SEQ | Disponível | Livro | Dep. cx. 3 |